000
00309nam a2200121Ia 4500
005
20260328104337.0
008
260328s9999||||xx |||||||||||||| ||und||
100
_a
Villegas, BenjamÃn
245
0
_a
Seis Arquitectos /
_c
BenjamÃn Villegas
260
_b
Villegas Editores
650
_a
ARQUITECTOS
942
_c
BK
999
_c
11963
_d
11963